000 00550nam a2200217Ia 4500
005 20250425161227.0
008 250425s9999 xx 000 0 und d
020 _a0352045600
041 _aeng
082 _a621.43
100 _aOBERT, EDWARD F.
245 0 _aINTERNAL COMBUSTION ENGINES AND AIR POLLUTION
250 _aS.E.
260 _aEstados Unidos
_bHARPER AND ROW
_c1973
260 _aNEW YORK
300 _a740
500 _a+4 PLANOS EN CADA LIBRO
650 _aMOTORES DE COMBUSTION INTERNA
942 _c01
010 _a15622
999 _c204986
_d204986